Представление документа в формате MARC21

ПолеНазваниеЗначение
  Тип записи a
  Библиографический уровень m
001 Контрольный номер RU/URAIT/586651
005 Дата корректировки 20260429163623.3
008 Кодируемые данные 260429s2026 RU y f j 000 0 rus u
020 Индекс ISBN __
a ISBN 978-5-534-07231-0
c Цена, тираж 609.00
040 Источник каталогиз. __
a Служба первич. каталог. ИКО Юрайт
c Служба, преобразующая запись ИКО Юрайт
e Правила каталог. RCR
041 Код языка издания __
a Код языка текста rus
044 Код страны публикации __
a Код страны публикации RU
080 Индекс УДК __
a Индекс УДК 340.12(075.8)
084 Индекс другой классификации/Индекс ББК __
2 Источник индекса rubbk
a Индекс другой классификации/Индекс ББК 67.0я73
100 Автор __
a Автор Фетюков Ф. В.
q Полное имя Фетюков Федор Викторович
245 Заглавие __
a Заглавие Теория государства и права: функции государства
b Продолж. заглавия учебник для вузов
c Ответственность Ф. В. Фетюков.
256 Характеристики компьютерного файла __
a Характеристики компьютерного файла Электрон. дан.
260 Выходные данные __
a Место издания Москва
b Издательство Юрайт
c Дата издания 2026
300 Физическое описание __
a Объем 141 с
440 Серия __
a Серия Высшее образование
500 Примечания __
a Примечание URL: https://urait.ru/bcode/586651 (дата обращения: 29.04.2026).
520 Аннотация __
a Аннотация Автором прослеживается эволюция научных представлений о функциях государства, проводится теоретический анализ понятия «функции государства», раскрываются теоретико-правовой и практический аспекты проблемы осуществления функций государства, а также обосновывается использование механизма взаимодействия государства и гражданского общества при осуществлении функций государственных органов.
538 Прим. о системных особенностях __
a Прим. о системных особенностях Режим доступа: Электронно-библиотечная система Юрайт, для авториз. пользователей
653 Ключевые слова __
a Ключевые слова Основы государства и права. Теория государства и права
653 Ключевые слова __
a Ключевые слова Юридические науки
653 Ключевые слова __
a Ключевые слова Теория государства и права
653 Ключевые слова __
a Ключевые слова Проблемы теории государства и права
653 Ключевые слова __
a Ключевые слова Общая теория права и государства
653 Ключевые слова __
a Ключевые слова Основы государства и права
653 Ключевые слова __
a Ключевые слова Правовые основы российской государственности
653 Ключевые слова __
a Ключевые слова Сущность государства: вопросы теории
653 Ключевые слова __
a Ключевые слова Функционирование государства в особых условиях
653 Ключевые слова __
a Ключевые слова Общая теория государства и права
653 Ключевые слова __
a Ключевые слова Проблемы теории права и государства
653 Ключевые слова __
a Ключевые слова Теория и практика Российской государственности
653 Ключевые слова __
a Ключевые слова Основы государства
653 Ключевые слова __
a Ключевые слова Формы и модели государства
856 Электронный адрес документа 40
n Местонахождение сервера Юрайт
g Электронная книга
q Тип электронного формата html
h Имя пользователя ЮРАЙТ
v Часы доступа к ресурсу 20271231
2 Способ доступа Показать документ
x Служебное примечание https://urait.ru/book/cover/599C2B9F-E327-4249-AE42-178CDFA07870
u URL https://urait.ru/bcode/586651
856 Электронный адрес документа 48
q Тип электронного формата cover
u URL https://urait.ru/book/cover/599C2B9F-E327-4249-AE42-178CDFA07870
911 __
u 0030=https://urait.ru/bcode/586651
911 __
u 073a=9785534072310
u 073d=609.00
911 __
u 106a=s
911 __
u 900l=
952 Тип литературы __
i Дисциплина Теория государства и права
952 Тип литературы __
i Дисциплина Проблемы теории государства и права
952 Тип литературы __
i Дисциплина Общая теория права и государства
952 Тип литературы __
i Дисциплина Основы государства и права
952 Тип литературы __
i Дисциплина Правовые основы российской государственности
952 Тип литературы __
i Дисциплина Сущность государства: вопросы теории
952 Тип литературы __
i Дисциплина Функционирование государства в особых условиях
952 Тип литературы __
i Дисциплина Общая теория государства и права
952 Тип литературы __
i Дисциплина Проблемы теории права и государства
952 Тип литературы __
i Дисциплина Теория и практика Российской государственности
952 Тип литературы __
i Дисциплина Основы государства
952 Тип литературы __
i Дисциплина Формы и модели государства